000 00348 a2200169 4500
001 183426
020 _a850805276-6
040 _cMagnum
100 _aRocha, Ruth
240 1 0 _aFaz muito tempo
_lpor
245 1 0 _aFaz muito tempo
300 _a
362 0 _a1999
440 1 _aÁtica
697 _aLITERATURA INFANTO-JUVENIL
942 _cBK
999 _c183426
_d183426